01849cam a22003495a 4500001001200000003000900012005001700021008004100038020004000079020004300119035002300162040003400185082002300219100004700242245018500289250001900474264004400493300002300537336002600560337002800586338002700614504005200641505042900693650007101122651001001193653002801203655002401231700004001255942003101295999001701326952015601343ocm48773905EG-ScBUE20220420100249.0020109s2011 enk f b 001 0 eng d a1900650541 (Paperback : alk. paper) a9781900650540 (Paperback : alk. paper) a(OCoLC)ocm48773905 aDLCbengerdacDLCdEG-ScBUE 04222a418.02072bWIL1 aWilliams, Jenny,‏d1939-eauthor.94117614aThe map :ba beginner's guide to doing research in translation studies /cby Jenny Williams, Dublin City University, Ireland and Andrew Chesterman, University of Helsinki, Finland. aFifth edition. 1aLondon ;aNew York :bRoutledge,c2011. a149 pages ;c22 cm 2rdacontentatextbtxt 2rdamediaaunmediatedbn 2rdacarrieravolumebnc aIncludes bibliographical references and index.  aChapter 1: Areas in Translation Research -- Chapter 2: From the Initial Idea to the Plan -- Chapter 3:Theoretical Models of Translation -- Chapter 4: Kinds of Research -- Chapter 5: Questions, Claims, Hypotheses -- Chapter 6: Relations between Variables -- Chapter 7: Selecting and Analyzing Data -- Chapter 8: Writing Your Research Report -- Chapter 9: Presenting Your Research Orally -- Chapter 10: Assessing Your Research 7aTranslating and interpretingxResearchxMethodology.2BUEsh940298 2BUEsh bHHUUEENNcSeptember2016 vReading book9342321 aChesterman, Andrew,eauthor.941175 2ddce22k418.02072 WILcBB c22384d22356 00102ddc40708BaccahaMAINbMAINc2NDd2016-09-25ePurchaseg231.00h26103l0o418.02072 WILp000033511r2025-07-15 00:00:00v288.00w2016-09-25yBB